| 000 | 00699cam a22002414a 4500 | ||
|---|---|---|---|
| 001 | 13913551 | ||
| 003 | OSt | ||
| 005 | 20150804090358.0 | ||
| 008 | 050328s2005 nyua b 001 0 eng | ||
| 010 | _a 2005047298 | ||
| 020 | _a0393704661 | ||
| 040 | _aSEKU | ||
| 042 | _apcc | ||
| 050 | 0 | 0 |
_aRC 552 .T7 _bS3 2005 |
| 100 | 1 | _aScaer, Robert C. | |
| 245 | 1 | 4 |
_aThe trauma spectrum : _bhidden wounds and human resiliency _cRobert Scaer. |
| 260 |
_aNew York : _bNorton, _c2005. |
||
| 300 |
_axviii, 308 p. : _bill. ; _c25 cm. |
||
| 504 | _aIncludes bibliographical references (p. 291-298) and index. | ||
| 650 | 0 | _aPsychic trauma. | |
| 650 | 0 | _aPost-traumatic stress disorder. | |
| 942 |
_2lcc _cGEN |
||
| 999 |
_c8141 _d8141 |
||